000 00735pam a2200193 a 4500
020 _a0309036518 (pbk.) :
082 0 0 _a016.3805
_bNAT
_cD
245 0 0 _aResource guide for transportation engineering education /
_cTransportation Research Board, National Research Council.
260 _aWashington, D.C. :
_bNational Academy of Sciences,
_c1984.
300 _avi, 57 p. ;
_c28 cm.
490 1 _aBibliography,
500 _aIncludes index.
526 _a0
_b0
_c0
_d016_380500000000000_NAT
650 0 _aMCE
_9379
650 0 _aTransportation engineering
_xBibliography.
_936993
650 0 _aTransportation engineering
_xStudy and teaching
_xBibliography.
_936994
710 2 _aNational Research Council (U.S.).
_920017
942 _2ddc
_cBK
999 _c541902
_d541902